<?xml version="1.0" encoding="UTF-8"?>
<record
    xmlns:xsi="http://www.w3.org/2001/XMLSchema-instance"
    xsi:schemaLocation="http://www.loc.gov/MARC21/slim http://www.loc.gov/standards/marcxml/schema/MARC21slim.xsd"
    xmlns="http://www.loc.gov/MARC21/slim">

  <leader>01245cam a2200361 a 4500</leader>
  <datafield tag="999" ind1=" " ind2=" ">
    <subfield code="c">23253</subfield>
    <subfield code="d">23253</subfield>
  </datafield>
  <controlfield tag="001">vtls008419676</controlfield>
  <controlfield tag="005">20220615112717.0</controlfield>
  <controlfield tag="008">160610s2005    xo     g      000 0 slo  </controlfield>
  <datafield tag="020" ind1=" " ind2=" ">
    <subfield code="a">8080780641</subfield>
  </datafield>
  <datafield tag="035" ind1=" " ind2=" ">
    <subfield code="a">E82E7E82-AE16-42CE-875C-2AD02A883AF6</subfield>
  </datafield>
  <datafield tag="035" ind1=" " ind2=" ">
    <subfield code="a">urn:nbn:sk:snk-aml2x7</subfield>
  </datafield>
  <datafield tag="035" ind1=" " ind2=" ">
    <subfield code="a">urn:nbn:sk:snk-am008li2</subfield>
  </datafield>
  <datafield tag="040" ind1=" " ind2=" ">
    <subfield code="a">VTHK</subfield>
    <subfield code="b">slo</subfield>
    <subfield code="c">VTHK</subfield>
    <subfield code="e">AACR2</subfield>
    <subfield code="d">SNK</subfield>
  </datafield>
  <datafield tag="041" ind1="0" ind2=" ">
    <subfield code="a">slo</subfield>
  </datafield>
  <datafield tag="044" ind1=" " ind2=" ">
    <subfield code="a">xo</subfield>
    <subfield code="c">SK</subfield>
  </datafield>
  <datafield tag="072" ind1=" " ind2="7">
    <subfield code="a">33</subfield>
    <subfield code="x">Ekon&#xF3;mia</subfield>
    <subfield code="2">konspekt</subfield>
  </datafield>
  <datafield tag="080" ind1=" " ind2=" ">
    <subfield code="a">(072)</subfield>
    <subfield code="2">MDT- MRF</subfield>
  </datafield>
  <datafield tag="080" ind1=" " ind2=" ">
    <subfield code="a">33</subfield>
    <subfield code="2">MDT-MRF</subfield>
  </datafield>
  <datafield tag="100" ind1="1" ind2=" ">
    <subfield code="a">T&#xE1;nco&#x161;ov&#xE1;, Judita,</subfield>
    <subfield code="d">1951-</subfield>
    <subfield code="9">3072</subfield>
  </datafield>
  <datafield tag="245" ind1="1" ind2="0">
    <subfield code="a">Ekon&#xF3;mia v novej ekonomike</subfield>
    <subfield code="b">metodick&#xE1; pom&#xF4;cka na semin&#xE1;re</subfield>
    <subfield code="c">Judita T&#xE1;nco&#x161;ov&#xE1; a kolekt&#xED;v</subfield>
  </datafield>
  <datafield tag="250" ind1=" " ind2=" ">
    <subfield code="a">1. vyd.</subfield>
  </datafield>
  <datafield tag="260" ind1=" " ind2=" ">
    <subfield code="a">Bratislava</subfield>
    <subfield code="b">Iura edition</subfield>
    <subfield code="c">2005</subfield>
  </datafield>
  <datafield tag="300" ind1=" " ind2=" ">
    <subfield code="a">79 s.</subfield>
    <subfield code="c">24 cm</subfield>
    <subfield code="e">1CD-ROM</subfield>
  </datafield>
  <datafield tag="490" ind1="1" ind2=" ">
    <subfield code="a">Ekon&#xF3;mia</subfield>
    <subfield code="v">160.</subfield>
  </datafield>
  <datafield tag="650" ind1="0" ind2="7">
    <subfield code="a">ekon&#xF3;mia</subfield>
    <subfield code="2">SNKPH</subfield>
    <subfield code="9">3073</subfield>
  </datafield>
  <datafield tag="655" ind1=" " ind2="7">
    <subfield code="a">metodick&#xE9; pr&#xED;ru&#x10D;ky</subfield>
    <subfield code="2">SNKPH</subfield>
    <subfield code="9">3074</subfield>
  </datafield>
  <datafield tag="700" ind1="1" ind2=" ">
    <subfield code="a">Hontyov&#xE1;, Kajetana,</subfield>
    <subfield code="d">1948-</subfield>
    <subfield code="4">aut</subfield>
    <subfield code="9">3075</subfield>
  </datafield>
  <datafield tag="700" ind1="1" ind2=" ">
    <subfield code="a">Martincov&#xE1;, Marta,</subfield>
    <subfield code="d">1955-</subfield>
    <subfield code="4">aut</subfield>
    <subfield code="9">3076</subfield>
  </datafield>
  <datafield tag="700" ind1="1" ind2=" ">
    <subfield code="a">Matou&#x161;kov&#xE1;, Eleon&#xF3;ra,</subfield>
    <subfield code="d">1962-</subfield>
    <subfield code="4">aut</subfield>
    <subfield code="9">3077</subfield>
  </datafield>
  <datafield tag="700" ind1="1" ind2=" ">
    <subfield code="a">Muchov&#xE1;, Eva,</subfield>
    <subfield code="d">1961-</subfield>
    <subfield code="4">aut</subfield>
    <subfield code="9">3078</subfield>
  </datafield>
  <datafield tag="700" ind1="1" ind2=" ">
    <subfield code="a">Piovar&#x10D;iov&#xE1;, Veronika,</subfield>
    <subfield code="d">1951-</subfield>
    <subfield code="4">aut</subfield>
    <subfield code="9">3079</subfield>
  </datafield>
  <datafield tag="850" ind1=" " ind2=" ">
    <subfield code="b">KIS3G</subfield>
  </datafield>
  <datafield tag="952" ind1=" " ind2=" ">
    <subfield code="0">0</subfield>
    <subfield code="1">0</subfield>
    <subfield code="2">udc</subfield>
    <subfield code="4">0</subfield>
    <subfield code="7">0</subfield>
    <subfield code="8">D</subfield>
    <subfield code="a">10000</subfield>
    <subfield code="b">10000</subfield>
    <subfield code="d">2022-06-15</subfield>
    <subfield code="i">21586</subfield>
    <subfield code="l">1</subfield>
    <subfield code="o">S1513</subfield>
    <subfield code="p">S1513</subfield>
    <subfield code="r">2023-05-16</subfield>
    <subfield code="s">2023-05-11</subfield>
    <subfield code="w">2022-06-15</subfield>
    <subfield code="y">OLDO</subfield>
  </datafield>
</record>
